000 00297nam a22001337a 4500
008 180924b xxu||||| |||| 00| 0 eng d
020 _a9780764144585
041 _aeng
080 _a370
100 _a25
101 _aEDU
245 _aE-Z American Sign Language
_cStewart,D.A
942 _2udc
_cBK
999 _c48335
_d48335